000 00606nam a2200193Ii 4500
003 JO-AjNU
008 230605s9999||||xx |||||||||||||| ||und||
040 _aJO-AjNU
_bara
_erda
_cJO-AjNU
041 _aara
050 1 4 _aDS35.6.A2898
100 3 _aابو زهرة، محمد,
_eauthor
_916753
245 0 0 _aفي المجتمع الاسلامي
264 3 1 _a د.م: دار الفكر العربي، د.ت
300 _a120ص
336 _atext
_btxt
_2rdacontent
337 _aunmediated
_bn
_2rdamedia
338 _avolume
_bnc
_2rdacarrier
650 4 _aالمجتمع الاسلامي- تاريخ
_916754
999 _aA5035
_c8603
_d8603